00804nam a2200217 i 450000100060000000300090000600500170001500700030003200800410003510000290007624500670010526000420017230000200021450501040023474000330033874000230037174000290039485200240042399900170044795201220046455384ES-MaACL20230906163131.0t|030918s1912 sz ||||1| fre d1 aDeonna, Waldemar.94374712aL'archeologie b: sa valeur, ses methodes / cWaldemar Deonna. a[Geneve : bAlbert Kündig], c1912. a3 v. ; c24 cm.8 aContiene: I: Les methodes archeologiques. -- II: Les lois de l'art. -- III: Les rythmes artistiques4 aLes methodes archeologiques.4 aLes lois de l'art.4 aLes rythmes artistiques. aES-MaACLjC-1665-67 c55384d55384 00104070aATENEOMbATENEOMcMESd2008-01-17eSCl0oC-1665-67p1058190r2023-02-23 00:00:00w2023-02-23yMONOGRAFIA